| 000 | 00979nas a2200277 4500 | ||
|---|---|---|---|
| 001 | BR8200449 | ||
| 003 | BR-BrBNA | ||
| 005 | 20231205085004.0 | ||
| 007 | ta | ||
| 008 | 230509b bl.|||p| |||| 00| 00por d | ||
| 040 |
_aBR-BrBNA _bpor _cBiblioteca Nacional de Agricultura |
||
| 041 | _a(Pt) | ||
| 072 | _aH10 | ||
| 100 | 1 | _aGalli, A.J.B. | |
| 100 | 1 | _aLara, F.M. | |
| 100 | 1 | _aBarbosa, J.C. | |
| 245 | 1 | _aResistencia de genotipos de sorgo a Schizaphis graminum (Rondani, 1852)(Homoptera - Aphididae)[Sorghum spp; Pulgao verde] | |
| 246 | 1 | _aResistance of sorghum genotypes to Schizaphis graminum (Rondani, 1852)(Homoptera - Aphididae)[Sorghum spp; Green aphid] | |
| 650 | _aPraga de planta | ||
| 650 | _aSorgo | ||
| 650 | _aPulgao verde | ||
| 650 | _aVariedade resistente | ||
| 773 | 0 |
_tAnais da Sociedade Entomologica do Brasil (Brazil) _xISSN 0301-8059 _g(1981), v. 10(1) p. 61-71 _wBR8200449 |
|
| 909 |
_a202311 _bLúcia _c55 _dLúcia Elande |
||
| 942 |
_2AGRIS _n0 _cANA |
||
| 999 |
_c108547 _d108547 |
||